| 000 | 00547nam a22001697a 4500 | ||
|---|---|---|---|
| 003 | OSt | ||
| 005 | 20140310182522.0 | ||
| 008 | 130810t xxu||||| |||| 00| 0 eng d | ||
| 020 | _a971038807X | ||
| 050 |
_aU 660 _b.C957 2005 |
||
| 100 |
_aCruz, Sonia Gasilla-dela _99383 |
||
| 245 |
_aNSTP National development via national service training program (CWTS & ROTC) / _cSonia Gasilla-dela Cruz. |
||
| 260 |
_aMandaluyong City : _bBooks Atpb. Publishing Corp., _c2005 |
||
| 300 |
_a200 p. ; _bill. ; _c23 cm. |
||
| 942 |
_2lcc _cSSLC |
||
| 999 |
_c14036 _d14036 |
||